Tilastot visalle Alkuaineiden nimet suomeksi

Klikkaa tästä pelataksesi tätä visaa!

Yleistilastot

  • Tätä visaa on pelattu 3 050 kertaa
    (2 470 viimeisimmän päivityksen jälkeen)
  • Keskiarvotulos 49 / 118

Vastaustilastot

HintVastaus% Oikein
8happi
96%
79kulta
93%
1vety
93%
47hopea
91%
26rauta
88%
7typpi
88%
6hiili
86%
2helium
79%
29kupari
79%
19kalium
75%
20kalsium
75%
80elohopea
73%
12magnesium
73%
30sinkki
72%
11natrium
70%
3litium
69%
92uraani
69%
13alumiini
65%
16rikki
65%
10neon
64%
50tina
64%
5boori
63%
15fosfori
62%
17kloori
62%
9fluori
61%
53jodi
59%
14pii
58%
82lyijy
56%
18argon
55%
24kromi
53%
86radon
53%
28nikkeli
52%
35bromi
50%
25mangaani
50%
78platina
50%
22titaani
49%
4beryllium
47%
54ksenon
46%
34seleeni
45%
94plutonium
44%
88radium
44%
27koboltti
42%
99einsteinium
41%
32germanium
38%
33arseeni
37%
55cesium
37%
48kadmium
37%
95amerikium
35%
31gallium
35%
84polonium
35%
74volframi
35%
39yttrium
35%
56barium
34%
77iridium
34%
98kalifornium
34%
21skandium
34%
96curium
33%
63europium
33%
87frankium
33%
36krypton
33%
46palladium
33%
49indium
32%
23vanadiini
32%
40zirkonium
32%
102nobelium
31%
38strontium
31%
83vismutti
31%
70ytterbium
31%
57lantaani
30%
42molybdeeni
30%
115moskovium
30%
93neptunium
30%
111röntgenium
30%
51antimoni
29%
37rubidium
29%
104rutherfordium
29%
64gadolinium
28%
112kopernikium
28%
81tallium
28%
52telluuri
28%
85astatiini
27%
97berkelium
27%
72hafnium
27%
108hassium
27%
76osmium
27%
58cerium
26%
68erbium
26%
67holmium
26%
101mendelevium
26%
45rodium
26%
73tantaali
26%
90torium
26%
89aktinium
25%
107bohrium
25%
118oganesson
25%
117tennessiini
25%
69tulium
25%
110darmstadtium
24%
100fermium
24%
103lawrencium
24%
116livermorium
24%
60neodyymi
24%
113nihonium
24%
41niobium
24%
75renium
24%
106seaborgium
24%
105dubnium
23%
109meitnerium
23%
59praseodyymi
23%
62samarium
23%
65terbium
23%
71lutetium
22%
91protaktinium
22%
43teknetium
22%
114flerovium
21%
61prometium
20%
44rutenium
20%
66dysprosium
19%

Tulosjakauma

Persentiili vastausten määrän mukaan

Jokaisen tuloksen saaneiden osuus

Tuloshistoriasi

Et ole pelannut tätä visaa sen viimeisimmän päivityksen jälkeen